LEADER 00671naa a2200145 i 4500 001 000000297317 003 CaOOAMICUS 005 20180831172602.0 008 180831n xx u000 u und u 013 $a4844 040 $aSeMil$bita 100 1 $aMazzella, Letizia.$0(OLS)http://semarc/name/85140 245 10$aQuale didattica dell'italiano nella scuola media superiore? :$bcontinuità curricolare dell'insegnamento dell'"italiano" ... 650 4$aLingua italiana - Insegnamento.$0(OLS)http://semarc/subject/6214 996 $6245$aQuale didattica dell'italiano nella scuola media superiore? :$bcontinuità curricolare dell'insegnamento dell'"italiano" ...$9(OLS)http://semarc/title/373352 LEADER 00933nam a2200181 i 4500 001 000000056706 003 CaOOAMICUS 005 19970908000000.0 008 970908n it u000 u ita u 013 $a27878 040 $aSeMil$bita 100 1 $aDe Sanctis, Antonio,$c.$0(OLS)http://semarc/name/28729 245 12$aL'attività unionistica del P. Angelo Petricca da Sonnino. Assisi :$b[s.n.], 1966. (Dissertationes ad Lauream ; 49). ((Estratto dalla Tesi di Laurea in S. Teologia. 650 4$aTeologia - Saggi.$0(OLS)http://semarc/subject/231 650 4$aTesi di laurea.$0(OLS)http://semarc/subject/1690 850 $aSeMil 852 $aSeMil$W1$xVenegono$y1$m2I IV 458$j22860$B22860$CSeMilBibl$Z2$F22862 $81 996 $6245$aL'attività unionistica del P. Angelo Petricca da Sonnino. Assisi :$b[s.n.], 1966. (Dissertationes ad Lauream ; 49). ((Estratto dalla Tesi di Laurea in S. Teologia.$9(OLS)http://semarc/title/88203